00267nam a2200097 a 450000500170000000800410001724500600005826000210011899900170013904000130015620200930080330.0120329s2004 000 spa d 0aDictionnaire : geographique et administratif universel. aParis,c[19--?]. c36869d36869 aDO-SdBNP